| 000 | 01698nam a2200349 c 4500 | ||
|---|---|---|---|
| 003 | BLK | ||
| 005 | 20180422114510.0 | ||
| 008 | 180411b bul|||||r ||||||| ||bul|| | ||
| 010 | _aKNG00180251000 | ||
| 040 | _aBLK | ||
| 041 |
_aBUL _cBUL |
||
| 080 |
_aАмериканска литература (на САЩ) _b821.111(73) _x-322.9 _z821.111(73)-322.9 |
||
| 100 | 1 |
_aПо, Едгар Алън _eпърви автор _9380519 |
|
| 700 | 1 |
_aБояджиев, Александър Владимиров _eподб. и прев. от англ. _9366203 |
|
| 700 | 1 |
_aСапарев, Огнян Стефанов _eпредг. от _9363922 |
|
| 700 | 1 |
_aПо, Едгар Алан _e* _9382855 |
|
| 139 |
_aПо, Едгар Алън _bП 62 |
||
| 245 | 1 | 0 |
_aСпускане в Маелстрьом _bСб. науч.-фантаст. разкази _cЕдгар Алън По; подб. и прев. от англ. Александър Владимиров Бояджиев; предг. от Огнян Стефанов Сапарев; * Едгар Алан По. |
| 257 | _aUSA | ||
| 260 |
_аВарна _bГеорги Бакалов _c1979 _fСофия : печ. Балкан |
||
| 300 |
_a160 с. _c17 см |
||
| 380 | _aX | ||
| 490 | 1 |
_aБиблиотека Галактика _v10 |
|
| 500 | _aБез сведения за ориг. загл. - На кор. авт. означен Едгар Алан По. - 120 120 тир., 50 000 доп. тир. | ||
| 653 | _aфантастика | ||
| 653 | _aразкази | ||
| 852 | _aЦб І 17752 | ||
| 856 | 4 |
_qpdf _u |
|
| 856 | 4 |
_qpdf _u |
|
| 942 |
_cKNG _n0 |
||
| 944 |
_aCR _c25.08.2015 _lф / _kЛюдмила_Стоянова |
||
| 944 |
_aED _c25.08.2015 _lф / _kЛюдмила_Стоянова |
||
| 999 |
_c171954 _d171954 |
||